The world economy : (Record no. 4149)
[ view plain ]
| 000 -LEADER | |
|---|---|
| fixed length control field | 01179nac a22002411u 4500 |
| 008 - FIXED-LENGTH DATA ELEMENTS--GENERAL INFORMATION | |
| fixed length control field | 120111s1998 nju||||| |||| 001 0 eng d |
| 010 ## - LIBRARY OF CONGRESS CONTROL NUMBER | |
| LC control number | 97035050 |
| 020 ## - INTERNATIONAL STANDARD BOOK NUMBER | |
| International Standard Book Number | 0137277695 |
| 082 00 - DEWEY DECIMAL CLASSIFICATION NUMBER | |
| Classification number | 330.9 |
| Item number | STU |
| Edition number | 22 |
| 100 ## - MAIN ENTRY--PERSONAL NAME | |
| Personal name | Stutz, Frederick P. |
| 9 (RLIN) | 28313 |
| 245 14 - TITLE STATEMENT | |
| Title | The world economy : |
| Remainder of title | resources, location, trade, and development / |
| Statement of responsibility, etc | Frederick P. Stutz and Anthony R. de Souza. |
| 250 ## - EDITION STATEMENT | |
| Edition statement | 3rd ed. |
| 260 ## - PUBLICATION, DISTRIBUTION, ETC. (IMPRINT) | |
| Place of publication, distribution, etc | Upper Saddle River, N.J. : |
| Name of publisher, distributor, etc | Prentice Hall, |
| Date of publication, distribution, etc | c1998. |
| 300 ## - PHYSICAL DESCRIPTION | |
| Extent | xii, 596 p. : |
| Other physical details | ill. (some col.), maps (some col.) ; |
| Dimensions | 29 cm. |
| 500 ## - GENERAL NOTE | |
| General note | Colored map of the world on front end papers. |
| 504 ## - BIBLIOGRAPHY, ETC. NOTE | |
| Bibliography, etc | Includes bibliographical references (p. [577]-588) and index. |
| 650 #0 - SUBJECT ADDED ENTRY--TOPICAL TERM | |
| Topical term or geographic name as entry element | Economic geography. |
| 9 (RLIN) | 28314 |
| 650 #0 - SUBJECT ADDED ENTRY--TOPICAL TERM | |
| Topical term or geographic name as entry element | Economic history |
| Chronological subdivision | 1945- |
| 9 (RLIN) | 28315 |
| 700 1# - ADDED ENTRY--PERSONAL NAME | |
| Personal name | De Souza, Anthony R. |
| 9 (RLIN) | 28316 |
| 942 ## - ADDED ENTRY ELEMENTS (KOHA) | |
| Item type | Book - Borrowing |
| Call number prefix | 330.9S937 |
| Source of classification or shelving scheme | Dewey Decimal Classification |
| Withdrawn status | Item status | Damaged status | Not for loan | Home library | Current library | Shelving location | Date acquired | Source of acquisition | Total Checkouts | Total Renewals | Full call number | Barcode | Date last seen | Date last borrowed | Koha item type |
|---|---|---|---|---|---|---|---|---|---|---|---|---|---|---|---|
| Central Library | Central Library | First floor | 23/08/2007 | Purchase | 1 | 1 | 330.9 STU | 000000255 | 15/07/2025 | 27/02/2011 | Book - Borrowing | ||||
| Central Library | Central Library | First floor | 07/09/2008 | Purchase | 1 | 330.9 STU | 000005689 | 15/07/2025 | 16/04/2016 | Book - Borrowing | |||||
| Central Library | Central Library | First floor | 07/09/2016 | Purchase | 3 | 10 | 330.9 STU | 000005814 | 15/07/2025 | 12/10/2016 | Book - Borrowing |